000 00360nam a22001577a 4500
003 MPLRDC
005 20220104142540.0
008 210129b ||||| |||| 00| 0 eng d
082 _a848.1 YSJ
100 _a叶绍钧著
245 _a倪焕之
_c
260 _a
_b港青出版社
_c1979
300 _b
650 _a现代别集
942 _cBK
_o848.1 YSJ
999 _c31776
_d31766